000 00595nam a2200229Ia 4500
003 OSt
005 20220923230432.0
006 a|||||r|||| 00| 0
007 ta
008 Pun
024 _a281,952
037 _cTextual
040 _aARTS
_cARTS
_bPun
041 _2Pun
_aPun
082 _aO153,3N30,KK, L5
100 _aਭੱਲਾ, ਹਰਬੰਸ
245 0 _aਕਣੀ ਕਣੀ ਚਾਨਣੀ
260 _c1975
650 _aਪੰਜਾਬੀ ਸਾਹਿਤ
942 _hO153,3N30,KK, L5
_cTEXL
_2CC
999 _c384789
_d384789